00828cam a2200277 i 4500001000800000005001700008008004100025020001700066020002200083040001800105082002300123100002200146245010700168250000900275260002900284300001200313500002000325650001900345650001500364650001000379650003000389700001800419942000600437952009400443999001300537230930320240325023031.0810102s1978 enkabcf b 001 0 eng  a086068007X : a0860680088 (pbk.) aDLCcDLCdDLC00a324.623.219bONE.1 aLiddington, Jill,10aOne hand tied behind us :bthe rise of the women's suffrage movement /c Jill Liddington, Jill Norris. a1st. aLondon :bVirago,c1978. a304 p., aIncludes index. 0aWomen's rights 0aRadicalism 0aWomen 0aWomen labor union members1 aNorris, Jill, cL 001040708LaWERCLbWERCLd2024-03-25l0o324.623. ONE.p104r2024-03-25w2024-03-25yL c608d608